Manual of financial powers. (Record no. 71202)

MARC details
000 -LEADER
fixed length control field 00679cam a22002291 4500
001 - CONTROL NUMBER
control field sa 66007449
003 - CONTROL NUMBER IDENTIFIER
control field DLC
005 - DATE AND TIME OF LATEST TRANSACTION
control field 20260227112305.0
008 - FIXED-LENGTH DATA ELEMENTS--GENERAL INFORMATION
fixed length control field 821227s1964 ii 000 0 eng
010 ## - LIBRARY OF CONGRESS CONTROL NUMBER
LC control number sa 66007449
035 ## - SYSTEM CONTROL NUMBER
System control number (OCoLC)29103497
040 ## - CATALOGING SOURCE
Original cataloging agency DLC
Transcribing agency MnU
Modifying agency DLC
042 ## - AUTHENTICATION CODE
Authentication code premarc
050 00 - LIBRARY OF CONGRESS CALL NUMBER
Classification number HJ66.M5
Item number A15 no. 7
110 1# - MAIN ENTRY--CORPORATE NAME
Corporate name or jurisdiction name as entry element Maharashtra (India)
245 10 - TITLE STATEMENT
Title Manual of financial powers.
260 ## - PUBLICATION, DISTRIBUTION, ETC.
Place of publication, distribution, etc. Bombay,
Name of publisher, distributor, etc. Director, Govt. Print. and Stationery,
Date of publication, distribution, etc. 1964 [cover 1965]
300 ## - PHYSICAL DESCRIPTION
Extent 187 p.
Dimensions 25 cm.
650 #0 - SUBJECT ADDED ENTRY--TOPICAL TERM
Topical term or geographic name entry element Finance, Public
Geographic subdivision India
-- Maharashtra.
650 #0 - SUBJECT ADDED ENTRY--TOPICAL TERM
Topical term or geographic name entry element Finance, Public
Geographic subdivision India
-- Bombay (State)
830 #0 - SERIES ADDED ENTRY--UNIFORM TITLE
Uniform title Financial publications ;
Volume/sequential designation no. 7.

No items available.

Powered by Koha